|
|
|
|
| LEADER |
00000nam1a2200000 4500 |
| 001 |
75801 |
| 005 |
20231101212834.0 |
| 035 |
|
|
|a (RuTPU)RU\TPU\book\80900
|
| 090 |
|
|
|a 75801
|
| 100 |
|
|
|a 20050401d1965 km y0rusy50 ca
|
| 101 |
0 |
|
|a rus
|
| 102 |
|
|
|a RU
|
| 200 |
1 |
|
|a Фильтры для жидкостей
|e каталог-справочник
|e в 2 ч.
|f Государственный комитет химического и нефтяного машиностроения при госплане СССР, Всесоюзный научно-исследовательский и конструкторский институт химического машиностроения "НИИХИММАШ", Центральный институт научно-технической информации и технико-экономических исследований по химическому и нефтяному машиностроению; Под ред. Б. Н. Борисоглебского
|
| 210 |
|
|
|a Москва
|c ЦИНТИХИМНЕФТЕМАШ
|d 1965
|
| 675 |
|
|
|a 6(085):66
|v 3
|
| 675 |
|
|
|a 6(085):66
|v 3
|
| 702 |
|
1 |
|a Борисоглебский
|b Б. Н.
|4 340
|
| 712 |
0 |
2 |
|a Государственный комитет химического и нефтяного машиностроения при госплане СССР
|
| 712 |
0 |
2 |
|a Всесоюзный научно-исследовательский и конструкторский институт химического машиностроения (НИИХИММАШ)
|2 stltpush
|3 (RuTPU)RU\TPU\col\10024
|
| 712 |
0 |
2 |
|a Центральный институт научно-технической информации и технико-экономических исследований по химическому и нефтяному машиностроению
|9 24931
|
| 801 |
|
1 |
|a RU
|b 63413507
|c 20050401
|g PSBO
|
| 801 |
|
2 |
|a RU
|b 63413507
|c 20130115
|g PSBO
|
| 942 |
|
|
|c BK
|